El hermoso verano

Na minha lista:
Detalhes bibliográficos
Autor principal: Pavese, Cesare (autor)
Formato: Livro
Idioma:espanhol
Publicado em: Buenos Aires Juan Goyanarte 1966
Assuntos:
Tags: Adicionar Tag
Sem tags, seja o primeiro a adicionar uma tag!

MARC

LEADER 00000cam a2200000 a 4500
001 UCF8444
003 CL-VaPUC
008 130829e19660000ag |||||||||||||||||spa|d
082 0 4 |a 853  |b PAV  |2 21 
100 |a Pavese, Cesare  |e autor  |9 326600 
245 1 3 |a El hermoso verano 
300 |a 93 p 
942 |c BK 
945 |d 20130829 16:45:00  |a dcastane 
260 |a Buenos Aires  |b Juan Goyanarte  |c 1966 
650 0 |a Novela italiana  |9 265740 
650 0 |a Literatura italiana  |9 266970 
583 |a last modification  |c 20130829 16:45:00  |k Rodrigo Vera 
999 |c 353016  |d 353014 
952 |0 0  |1 0  |3 erb  |4 0  |6 853_000000000000000_PAV_1966  |7 0  |8 A  |9 457856  |a BIBEDU  |b BIBEDU  |d 2019-11-23  |i 4997875  |l 1  |o 853 PAV 1966  |p 4997875  |r 2024-11-29  |s 2024-10-03  |w 2019-11-23  |y BK  |z Catalogado en:20130829  |k LIT